Statistiques concernant Les plus grandes villes d'Italie

Cliquez ici pour prendre le quiz!

Statistiques générales

  • Ce quiz a été pris 8 266 fois
  • Le résultat moyen est 16 sur 46

Statistiques - réponses

PopulationVille% Correct
2 874 529Rome
100%
1 353 467Milan
96%
969 490Naples
94%
885 651Turin
92%
261 496Venise
91%
382 346Florence
86%
672 398Palerme
76%
582 870Gênes
75%
388 567Bologne
67%
323 503Bari
58%
257 815Vérone
57%
154 194Cagliari
52%
194 348Parme
49%
311 651Catane
43%
120 358Bergame
40%
203 974Trieste
40%
209 475Padoue
31%
121 933Syracuse
28%
236 231Messine
26%
148 880Rimini
26%
196 205Brescia
25%
184 642Modène
25%
120 286Pescara
23%
100 604Ancône
22%
158 606Livourne
22%
117 452Trente
22%
134 857Salerne
21%
182 323Reggio de Calabre
20%
199 153Tarente
20%
166 830Pérouse
19%
123 158Monza
18%
159 092Ravenne
17%
132 221Ferrare
14%
107 231Bolzano
13%
151 563Foggia
13%
171 315Reggio d'Émilie
12%
127 386Sassari
12%
102 403Plaisance
11%
192 461Prato
11%
112 040Vicence
11%
126 047Latina
10%
104 097Novare
9%
117 889Forlì
8%
111 310Terni
8%
100 236Andria
5%
123 862Giugliano en Campanie
4%

Distribution des résultats

Percentile par nombre de réponses

% des personnes avec chaque résultat

Votre développement - résultats

Vous n’avez pas pris ce quiz